Animador de reuniones /
| Autor Principal: | |
|---|---|
| Outros autores: | |
| Formato: | Libro |
| Idioma: | Lingua castelá |
| Publicado: |
Bogotá, Colombia :
INDO-AMERICAN PRESS SERVICE,
1989
|
| Subjects: |
MARC
| LEADER | 00000nam a2200000Ia 4500 | ||
|---|---|---|---|
| 008 | 170320b1980 ck ||||| |||| 00| | spa d | ||
| 999 | |c 1160 |d 1160 | ||
| 090 | |a 301.4 |b A598a6 | ||
| 100 | 1 | |a Marieca, Eduardo |9 2588 | |
| 245 | 1 | 0 | |a Animador de reuniones / |c Eduardo Marcieca, ...[et al.] |
| 260 | |a Bogotá, Colombia : |b INDO-AMERICAN PRESS SERVICE, |c 1989 | ||
| 300 | |a 96 páginas | ||
| 650 | 1 | 4 | |9 1965 |a REUNIONES |
| 650 | 1 | 4 | |a EVALUACIÓN |9 287 |
| 700 | |a Mercieca, Eduardo | ||
| 942 | |i 366438 |h 301.4 A598a6 |2 z |c 01 | ||
